000 00241nam a2200097Ia 4500
001 719335
005 20250826163041.0
008 250824s9999 xx 000 0 und d
245 0 _aİSTANBUL HATIRASI
_cAHMET ÜMİT
260 _bEVEREST YAYINLARI
999 _c719335
_d719335